000 00331nam a2200133Ia 4500
008 150201s2007 xx 000 0 und d
082 _a612.015
_bM07C
100 _aCHANNANAYAPPA
245 _aMOLECULER BIOTECHNOLOGY
260 _bUNIVERSITY PRESS
_aINDIA
_c2007
300 _a1-1215
650 _aBIOCHEMISTRY
942 _2ddc
_cBK
_01
999 _c1644
_d1644